Psychotherapy (Record no. 58592)
[ view plain ]
| 000 -LEADER | |
|---|---|
| fixed length control field | 00312nam a22001457a 4500 |
| 008 - FIXED-LENGTH DATA ELEMENTS--GENERAL INFORMATION | |
| fixed length control field | 221018b ||||| |||| 00| 0 eng d |
| 020 ## - INTERNATIONAL STANDARD BOOK NUMBER | |
| International Standard Book Number | 1591470900 |
| 041 ## - LANGUAGE CODE | |
| Language code of text/sound track or separate title | eng |
| 080 ## - UNIVERSAL DECIMAL CLASSIFICATION NUMBER | |
| Edition identifier | volum 40 |
| Universal Decimal Classification number | 159.9 |
| 082 ## - DEWEY DECIMAL CLASSIFICATION NUMBER | |
| Classification number | 159.9 |
| 100 ## - Rafti | |
| Rafti | 24.1 |
| 101 ## - Shkurtesa | |
| Shkurtesa | psi |
| 245 ## - TITLE STATEMENT | |
| Title | Psychotherapy |
| Statement of responsibility, etc | WOLF A |
| 942 ## - ADDED ENTRY ELEMENTS (KOHA) | |
| Source of classification or shelving scheme | |
| Item type | Books |
| Withdrawn status | Lost status | Source of classification or shelving scheme | Damaged status | Not for loan | Collection code | Permanent location | Current location | Date acquired | Total Checkouts | Full call number | Barcode | Date last seen | Price effective from | Koha item type |
|---|---|---|---|---|---|---|---|---|---|---|---|---|---|---|
| Koleksioni i përgjithshem | UBT - Lipjan | UBT - Lipjan | 10/18/2022 | 159.9 WOL | 002-800028700260190 | 10/18/2022 | 10/18/2022 | Books | ||||||
| Koleksioni i përgjithshem | UBT - Lipjan | UBT - Lipjan | 10/18/2022 | 159.9 WOL | 002-800028700260191 | 10/18/2022 | 10/18/2022 | Books | ||||||
| Koleksioni i përgjithshem | UBT - Lipjan | UBT - Lipjan | 10/18/2022 | 159.9 WOL | 002-800028700260192 | 10/18/2022 | 10/18/2022 | Books | ||||||
| Koleksioni i përgjithshem | UBT - Lipjan | UBT - Lipjan | 10/18/2022 | 159.9 WOL | 002-800028700260193 | 10/18/2022 | 10/18/2022 | Books |